Statistics for Greek Superleague Football Club Logo Quiz

Click here to take the quiz!

General Stats

  • This quiz has been taken 61 times
  • The average score is 11 of 14

Answer Stats

Answer% Correct
Olympiakos Piraeus
94%
PAOK Thessaloniki
94%
AEK Athens
92%
Panathinaikos
92%
Aris Thessaloniki
83%
NFC Volos
81%
Asteras Tripolis
77%
Atromitos Athens
77%
PAS Lamia
77%
OFI Crete
75%
PAS Giannina
75%
Ionikos Nikea
73%
Panetolikos
73%
Levadiakos
71%

Score Distribution

Percentile by Number Answered

Percent of People with Each Score

Your Score History

You have not taken this quiz